| 000 | 00449cam a2200181ua 4500 | ||
|---|---|---|---|
| 020 | _c$37.95 | ||
| 041 |
_aeng _h |
||
| 082 |
_a550.28 _bDRU/IM |
||
| 100 | _aDrury, S.A . | ||
| 245 |
_aImage interpretation in geology / _cS.A Drury. _hTextual Documents |
||
| 260 |
_aLondon : _bAllen & Unwin (Publishers) LTd. , _c1987. |
||
| 300 | _a243 ; . | ||
| 365 | _a$37.95 | ||
| 500 | _a*CSS | ||
| 504 | _a | ||
| 942 | _cBK | ||
| 999 |
_c7601 _d7601 |
||